Текст томруулах:    
International financial intermediation (Бичлэгийн дугаар. 145999)
000 -УДИРДЛАГА
Удирдлага 00897nam a22002777a 4500
003 - ХЯНАЛТЫН ТОО ТОДОРХОЙЛОГЧ
Код MN-UlNUM
005 - БИЧИЛТ ХИЙСЭН ОГНОО
Тухайн бичилтийг бичсэн засварласан сүүлийн огноо 20251222153642.0
008 - ЕРӨНХИЙ МЭДЭЭЛЭЛ
Ерөнхий мэдээлэл 251222s1987 dcuab||| |||| 001 0 eng |
020 ## - ISBN
ISBN 0815711387
-- 0815711379
040 ## - БИЧЛЭГ ҮҮСГЭГЧ БАЙГУУЛЛАГА
Бичлэг үүсгэгч номын сангийн код МУИС-ийн номын сан
084 ## - ББК АНГИЛАЛ
Нэмэлт тусгалт Бусад
ББК ангилал 65.261
Зохиогчийн гурван тэмдэгт B 91
Мэдлэгийн ялгаа 65 - Эдийн засаг
100 1# - ЗОХИОГЧ
Зохиогчийн нэр Bryant, Ralph C.,
Зохиогчийн огноо 1938-
245 10 - ҮНДСЭН ГАРЧИГ
Номын нэр International financial intermediation
Оролцогчдын тухай мэдээ Ralph C. Bryant.
260 ## - ГАРАЛТЫН МЭДЭЭ
Хэвлэгдсэн газар Washington, D.C. :
Хэвлэлийн газар Brookings Institution,
Хэвлэгдсэн он 1987.
300 ## - МАТЕРИАЛЫН ТОДОРХОЙЛОЛТ
хуудасны тоо xi, 181 p. :
Бусад тоон мэдээлэл ill. ;
Хэмжээ 24 cm.
500 ## - Тайлбар
Дансны дугаар БС 4663
546 ## - ХЭЛНИЙ ТУХАЙ МЭДЭЭ
Хэл Англи хэл дээр,
653 ## - Түлхүүр үг
Түлхүүр үг international finance
740 ## - НОМЫН ГАРЧИГ
Гарчиг Financial Intermediation
740 ## - НОМЫН ГАРЧИГ
Гарчиг The Progressive Internationalization of Financial Intermediation
740 ## - НОМЫН ГАРЧИГ
Гарчиг Why Has Internationalization Occurred?
740 ## - НОМЫН ГАРЧИГ
Гарчиг How Far Has Internationalization Progressed?
942 ## - ЭЛЕМЕНТИЙН ТӨРӨЛ
Зүйлийн төрөл Ном